Introduction to transportation engineering / (Record no. 36428)

MARC details
000 -LEADER
fixed length control field 02514cam a22003974a 4500
005 - DATE AND TIME OF LATEST TRANSACTION
control field 20020907181707.0
008 - FIXED-LENGTH DATA ELEMENTS--GENERAL INFORMATION
fixed length control field 010314s2002 maua b 001 0 eng
010 ## - LCCN (DPL NO)
LC control number ENG-96220 B-423005-009
020 ## - INTERNATIONAL STANDARD BOOK NUMBER
International Standard Book Number 9780070702462
Terms of availability 425.00
020 ## - INTERNATIONAL STANDARD BOOK NUMBER
International Standard Book Number 0070702462
Terms of availability 425.00
035 ## - SYSTEM CONTROL NUMBER
System control number EN-79753 B-423005-009
037 ## - SOURCE OF ACQUISITION
Source of stock number/acquisition DBAD/PUB
037 ## - SOURCE OF ACQUISITION
Source of stock number/acquisition Allied Pub/Ven
040 ## - CATALOGING SOURCE
Original cataloging agency DPL
Language of cataloging ENG
082 ## - DEWEY DECIMAL CLASSIFICATION NUMBER
Classification number 629.04
100 ## - MAIN ENTRY--PERSONAL NAME
Personal name Banks, James H.
9 (RLIN) 29490
245 ## - TITLE STATEMENT
Title Introduction to transportation engineering /
Statement of responsibility, etc by James H. Banks
250 ## - EDITION STATEMENT
Edition statement 2nd ed.
260 ## - PUBLICATION, DISTRIBUTION, ETC. (IMPRINT)
Place of publication, distribution, etc New Delhi
Name of publisher, distributor, etc McGraw-Hill Education
Date of publication, distribution, etc 2010
270 ## - ADDRESS
Address 7, West Patel Nagar
City New Delhi
Postal code 110008
300 ## - PHYSICAL DESCRIPTION
Extent ix, 502 p. :
Other physical details ill.
Dimensions 24 cm (pbk)
440 ## - SERIES STATEMENT/ADDED ENTRY--TITLE
Title McGraw-Hill series in transportation
504 ## - BIBLIOGRAPHY, ETC. NOTE
Bibliography, etc Includes bibliographical references and index.
650 ## - SUBJECT ADDED ENTRY--TOPICAL TERM
Topical term or geographic name as entry element Transportation engineering.
9 (RLIN) 29491
856 ## - ELECTRONIC LOCATION AND ACCESS
Materials specified Publisher description
Uniform Resource Identifier <a href="http://www.loc.gov/catdir/description/mh021/2001030687.html">http://www.loc.gov/catdir/description/mh021/2001030687.html</a>
856 ## - ELECTRONIC LOCATION AND ACCESS
Materials specified Table of contents
Uniform Resource Identifier <a href="http://www.loc.gov/catdir/toc/mh021/2001030687.html">http://www.loc.gov/catdir/toc/mh021/2001030687.html</a>
942 ## - ADDED ENTRY ELEMENTS (KOHA)
Source of classification or shelving scheme Dewey Decimal Classification
Item type English Books
Call number suffix BAN
Classification part 629.04
Holdings
Withdrawn status Lost status Source of classification or shelving scheme Materials specified (bound volume or other part) Damaged status Not for loan Collection code Home library Current library Date acquired Source of acquisition Cost, normal purchase price Total Checkouts Full call number Barcode Date last seen Copy number Cost, replacement price Koha item type
    Dewey Decimal Classification       Non-fiction Central Library Central Library 12/07/2011 Allied Pub/2706/11.3.2011/75/4.3.11/16.3.11 450.00 6 629.04 BAN B-423005 25/03/2022 1 450.00 English Books
    Dewey Decimal Classification Pbk   Not For Loan Non-fiction D.B.Act.Division D.B.Act.Division 10/05/2010 DBAD/PUB 425.00   629.04 BAN EN-79753 01/06/2010 1 425.00 English Books
    Dewey Decimal Classification       Non-fiction Narela Narela 12/07/2011 Allied Pub/2706/11.3.2011/75/4.3.11/16.3.11 450.00   629.04 BAN B-423008 12/07/2011 1 450.00 English Books
  Written-off vide DLB M. No. 383 dt 16.05.19 Dewey Decimal Classification       Non-fiction Patel Nagar Patel Nagar 12/07/2011 Allied Pub/2706/11.3.2011/75/4.3.11/16.3.11 450.00   629.04 BAN B-423006 12/07/2011 1 450.00 English Books
    Dewey Decimal Classification       Non-fiction Sarojini Nagar Sarojini Nagar 12/07/2011 Allied Pub/2706/11.3.2011/75/4.3.11/16.3.11 450.00   629.04 BAN B-423007 13/05/2013 1 450.00 English Books
    Dewey Decimal Classification       Non-fiction Shahdara Branch Shahdara Branch 12/07/2011 Allied Pub/2706/11.3.2011/75/4.3.11/16.3.11 450.00 2 629.04 BAN B-423009 25/01/2021 1 450.00 English Books

© Delhi Public Library
Hit Counter
free hit counter